书目信息 |
| 题名: |
新古典主义与浪漫主义
|
|
| 作者: | 托曼 主编 ;巴斯勒, 摄影 ;中铁二院工程集团公司 译 | |
| 分册: | ||
| 出版信息: | 武汉 华中科技大学出版社 2020.08 |
|
| 页数: | 512页 | |
| 开本: | 28cm | |
| 丛书名: | ||
| 单 册: | ||
| 中图分类: | TU-861 , J110.99 | |
| 科图分类: | ||
| 主题词: | 新古典主义--xin gu dian zhu yi--建筑艺术--西方国家--1750-1848 , 新古典主义--xin gu dian zhu yi--艺术评论--西方国家--1750-1848 | |
| 电子资源: | ||
| ISBN: | 978-7-5680-6228-2 | |
| 000 | 01527nam0 2200349 450 | |
| 001 | CAL 0120203114500 | |
| 005 | 20201203155534.3 | |
| 010 | @a978-7-5680-6228-2@b精装@dCNY598.00 | |
| 100 | @a20201203d2020 em y0chiy0120 ea | |
| 101 | 1 | @achi@cger |
| 102 | @aCN@b420000 | |
| 105 | @aa a 000yy | |
| 106 | @ar | |
| 200 | 1 | @a新古典主义与浪漫主义@Axin gu dian zhu yi yu lang man zhu yi@e建筑 雕塑 绘画 素描@f(德) 罗尔夫·托曼主编@g中铁二院工程集团有限责任公司译@g马库斯·巴斯勒 ... [等] 等摄影 |
| 210 | @a武汉@c华中科技大学出版社@d2020.08 | |
| 215 | @a512页@c彩图@d28cm | |
| 300 | @a华中建筑 | |
| 306 | @a由德国h.f.ullmann publishing GmbH出版公司通过北京天潞诚图书有限公司授权出版 | |
| 312 | @a英文题名取自封面 | |
| 320 | @a有书目 (第507-512页) | |
| 330 | @a本书综合介绍了1750年至1848年间的建筑与美术艺术, 读者可以从中领会到其丰富性与多样性。内容包括: 从文艺复兴到浪漫主义运动时期各类思潮概况 ; 英国的新古典主义与浪漫主义建筑等。 | |
| 510 | 1 | @aNeoclassicism romantism@zeng |
| 517 | 1 | @a建筑 雕塑 绘画 素描@Ajian zhu diao su hui hua su miao |
| 606 | 0 | @a新古典主义@Axin gu dian zhu yi@x建筑艺术@x西方国家@z1750-1848 |
| 606 | 0 | @a新古典主义@Axin gu dian zhu yi@x艺术评论@x西方国家@z1750-1848 |
| 690 | @aTU-861@v5 | |
| 690 | @aJ110.99@v5 | |
| 701 | 1 | @a托曼@Atuo man@g(Toman, Rolf)@4主编 |
| 702 | 1 | @a巴斯勒,@Aba si le@b马库斯@4摄影 |
| 712 | 02 | @a中铁二院工程集团公司@Azhong tie er yuan gong cheng ji tuan gong si@4译 |
| 801 | 0 | @aCN@b人天书店@c20201203 |
| 905 | @aTSG@b0001163@dTU-861@eT963@f1 | |
| 新古典主义与浪漫主义:建筑 雕塑 绘画 素描/(德) 罗尔夫·托曼主编/中铁二院工程集团有限责任公司译/马库斯·巴斯勒 ... [等] 等摄影.-武汉:华中科技大学出版社,2020.08 |
| 512页:彩图;28cm |
| 华中建筑 |
| ISBN 978-7-5680-6228-2(精装):CNY598.00 |
| 本书综合介绍了1750年至1848年间的建筑与美术艺术, 读者可以从中领会到其丰富性与多样性。内容包括: 从文艺复兴到浪漫主义运动时期各类思潮概况 ; 英国的新古典主义与浪漫主义建筑等。 |
| ● |
| 相关链接 |
|
|
|
正题名:新古典主义与浪漫主义
索取号:TU-861/T963
 
预约/预借
| 序号 | 登录号 | 条形码 | 馆藏地/架位号 | 状态 | 备注 |
| 1 | 1533968 | 215339685 | 建筑库101/101建筑库 20排1列3层/ [索取号:TU-861/T963] | 在馆 |